000 00799nam a22002657a 4500
999 _c1277
_d1277
001 000361
003 CoMeUDC000361
005 20190521154600.0
008 130821s1973 sp a gr spa
020 _a8433565567
040 _aCo-BoUCM
_bspa
_cCoMeUDC
041 _aspa
082 0 4 _a658.151 J56
100 1 _aJerome, William Travers
245 1 3 _aEl control directivo /
_cWilliam Travers Jerome ; traducción Juan Antonio Matías Oyagüe
260 _aBarcelona (España):
_bLabor,
_c1973.
300 _a280 p.
_bil. byn
490 _aTemas empresariales
546 _aEspañol.
650 0 4 _aDirección
_913317
650 0 4 _aEmpresas
_97561
650 0 4 _aEmpresas
_xDirección y administración
_97561
_vControl
700 1 _aMatías Oyagüe, Juan Antonio
_etrad.
942 _cBK
_2ddc